Normal view
MARC view
Entry Nome pessoal
001 - NÚMERO DE CONTROLE
- campo de controle: 609
003 - IDENTIFICADOR DO NÚMERO DE CONTROLE
- campo de controle: Br
005 - DATA E HORÁRIO DA ÚLTIMA TRANSAÇÃO
- campo de controle: 20250325095629.0
008 - CAMPO DE DADOS FIXOS
- campo de controle de tamanho fixo: 991111|| acnnnaab| aaaa d
024 7# - OUTRO IDENTIFICADOR PADRÃO
- Número padrão ou código: http://viaf.org/viaf/72195590
- Fonte: VIAF
024 7# - OUTRO IDENTIFICADOR PADRÃO
- Número padrão ou código: http://id.loc.gov/authorities/names/n79131465
- Fonte: LCCN
035 ## - NÚMERO DE CONTROLE DO SISTEMA
- Número de Controle do Sistema: 99111117251134E50
040 ## - FONTE DA CATALOGAÇÃO
- Instituição da catalogação original: Br
- Instituição que transcreveu o registro: Br
- Idioma da catalogação: por
100 1# - CABEÇALHO--NOME PESSOAL
- Nome pessoal: Bulfinch, Thomas,
- Datas associadas ao nome: 1796-1867
670 ## - FONTE POSITIVA DOS DADOS
- Citação da fonte positiva dos dados: Autor de: O livro de ouro da mitologia.[1988](impressao 1990)
- Dados encontrados na fonte localizada no subcampo: (p. [5]: nasceu em Massachusetts, Estados Unidos)
670 ## - FONTE POSITIVA DOS DADOS
- Citação da fonte positiva dos dados: LC authorities 11/02/2020
- Dados encontrados na fonte localizada no subcampo: (D.)
670 ## - FONTE POSITIVA DOS DADOS
- Citação da fonte positiva dos dados: VIAF 05/02/2020
670 ## - FONTE POSITIVA DOS DADOS
- Citação da fonte positiva dos dados: Seu: O grande livro da mitologia grega... 2018
- Dados encontrados na fonte localizada no subcampo: (orelha: nasceu em 15 de julho de 1796 em Newton, Massachusetts; faleceu em 1867 em Boston; formou-se em Harvard; atuou como professor na Boston Latim School)